安徽各地市人均GDP排行 Per capita GDP ranking of cities in Anhui - Statistics

General Stats
  • This quiz has been taken 48 times
  • The average score is 14 of 16
Answer Stats
排名 地市 人均GDP/元 % Correct
1 合肥 125798
100%
2 芜湖 121630
100%
3 马鞍山 116093
100%
4 铜陵 92823
95%
5 滁州 89800
90%
7 宣城 76853
85%
6 池州 81124
83%
8 黄山 75505
83%
11 蚌埠 60739
83%
10 淮北 66401
80%
12 淮南 50802
80%
14 亳州 42258
80%
15 宿州 41875
80%
16 阜阳 39643
80%
9 安庆 66470
78%
13 六安 45643
75%
No matching quizzes found
Score Distribution
Percent of People with Each Score
Percentile by Number Answered
Your Score History
You have not taken this quiz